000 00277nam a22001217a 4500
041 _aENG
100 _aM.F.J Hawker
245 _aHorticultural Machinery
260 _aLondon
_bMacdonald Technical &Scientifc
_c1971
300 _a169
650 _aFMP (04)
856 _uFMP (04)
999 _c2754
_d2754